Ceramah Integriti "Rasuah". Bahagian 2 19 Mei 2006 [
| Corporate Author: | |
|---|---|
| Format: | Book |
| Published: |
Bangi :
Institut Penilaian Negara ,
2006
|
MARC
| LEADER | 00000cam a2200000 7i4500 | ||
|---|---|---|---|
| 001 | 0000020599 | ||
| 005 | 20071025.0 | ||
| 040 | |a INS | ||
| 090 | 0 | 0 | |a VCD 513 |
| 245 | 0 | 0 | |a Ceramah Integriti "Rasuah". Bahagian 2 |c oleh Penceramah Bergitar oleh Mohd. Radzi bin Omar : |b 19 Mei 2006 [ |h cakera video] |
| 260 | |a Bangi : |b Institut Penilaian Negara , |c 2006 | ||
| 300 | |a 1 video disc ( 53 min ) : |b snd. col. ; |c 3/4 in. | ||
| 500 | |a Berceramah sambil bergitar | ||
| 710 | 1 | |a Institut Penilaian Negara | |
| 999 | |a VCD0000513 |b VIDEO CD |c Media Collection |e Default branch | ||